000 00883nam a2200253Ia 4500
003 OSt
005 20220923224954.0
006 a|||||r|||| 00| 0
007 ta
008 220922b |||||||| |||| 00| 0 hin d
024 _a254,509
037 _cTextual
040 _aARTS
_cARTS
_bhin
041 _2hin
_ahin
082 _aO15:gx1,1, 152L2.2
100 _aशास्त्री, बाबूलाल शुल्क
245 0 _aनाटयशास्त्रम्
246 _aNāṭayashāstram
260 _aवाराणसी
_b चौखम्बा संस्कृत संस्थान
_c1972
300 _a556पृ.
_ccm.
650 _aहिन्दी साहित्य
_9156264
942 _hO15:gx1,1, 152L2.2
_cTEXL
_2CC
999 _c375120
_d375120